header

Soils and rock instrumentation, behavior, and modeling (Record no. 216740)

MARC details
000 -LEADER
fixed length control field 02019nam a2200409 a 4500
082 04 - DEWEY DECIMAL CLASSIFICATION NUMBER
Classification number 624.1/51
245 00 - TITLE STATEMENT
Title Soils and rock instrumentation, behavior, and modeling
260 ## - PUBLICATION, DISTRIBUTION, ETC. (IMPRINT)
Place of publication Reston, Va. :
Name of publisher Geo Institute, American Society of Civil Engineers,
Year of publication c2009.
300 ## - PHYSICAL DESCRIPTION
Number of Pages x, 109 p. :
Other physical details ill. (some col.).
490 1# - SERIES STATEMENT
Series statement Geotechnical special publication ;
650 #0 - SUBJECT ADDED ENTRY--TOPICAL TERM
Topical Term Road materials
Topical Term Soils
Topical Term Engineering geology
Topical Term Pavements
700 1# - ADDED ENTRY--PERSONAL NAME
Personal name Ge, Louis.
856 40 - ELECTRONIC LOCATION AND ACCESS
Uniform Resource Identifier http://site.ebrary.com/lib/rucke/Doc?id=10475962

No items available.

© 2026 Rongo University
Contact us: librarian | system librarian | Rongo university